Os tribunais de contas, a pandemia e o futuro do controle / (Record no. 175)
[ view plain ]
| 000 -LÍDER | |
|---|---|
| Campo Fixo de Controle | 01249cam a2200301 a 4500 |
| 001 - NÚMERO DE CONTROLE | |
| Campo de Controle | 175 |
| 003 - IDENTIFICAÇÃO DO NÚMERO DE CONTROLE | |
| Campo de Controle | BR-CuiBMT |
| 005 - DATA E HORA DA ÚLTIMA ATUALIZAÇÃO | |
| Campo de Controle | 20231202045735.0 |
| 008 - DADOS FIXOS | |
| Dados Fixos | 230824s2021 mgba 000 0 por d |
| 020 ## - INTERNATIONAL STANDARD BOOK NUMBER | |
| Nº do ISBN | 9786555182828 |
| 040 ## - AGÊNCIA CATALOGADORA | |
| Código da Agência Catalogadora | BR-CuiBMT |
| Agência que transcreveu o registro | BR-CuiBMT |
| 080 ## - Nº DA CLASSIFICAÇÃO DECIMAL UNIVERSAL | |
| Nº edição CDU | 2007 |
| Nº Class. CDU | 35:616-036.21 |
| 090 ## - NÚMERO DE CHAMADA | |
| Nº classificação | 35:616-036.21 |
| Cutter | T822 |
| 245 03 - TÍTULO PRINCIPAL | |
| Título principal | Os tribunais de contas, a pandemia e o futuro do controle / |
| Indicação de responsabilidade | Edilberto Carlos Pontes Lima, coordenador ; prefácio Ivan Lelis Bonilha ; [autores: Adircélio de Moraes Ferreira Júnior et al.]. |
| 260 ## - PUBLICAÇÃO, DISTRIBUIÇÃO, ETC. | |
| Local de publicação | Belo Horizonte : |
| Editora | Fórum, |
| Data | 2021. |
| 300 ## - DESCRIÇÃO FÍSICA | |
| N. páginas ou volumes | 534 p. : |
| Ilustrações | il. ; |
| Dimensões | 24 cm + |
| Material adicional | 1 folheto |
| 490 1# - INDICAÇÃO DE SÉRIE | |
| Título da série | Coleção Fórum IRB ; |
| Volume/designação sequencial da série | v. 4 |
| 500 ## - NOTAS GERAIS | |
| Notas gerais | Vários autores. |
| 504 ## - NOTA DE BIBLIOGRAFIA, ETC. | |
| Nota de bibliografia | Inclui bibliografia. |
| 650 ## - ASSUNTO TÓPICO | |
| Cabeçalho tópico ou nome geográfico | Tribunais de contas |
| Subdivisão geral | Políticas de saúde |
| Subdivisão geográfica | Brasil |
| 650 ## - ASSUNTO TÓPICO | |
| Cabeçalho tópico ou nome geográfico | Saúde pública |
| Subdivisão geral | Aspectos legais |
| Subdivisão geográfica | Brasil |
| 650 ## - ASSUNTO TÓPICO | |
| Cabeçalho tópico ou nome geográfico | Pandemia |
| Subdivisão geográfica | Brasil |
| 700 1# - ENTRADA SECUNDÁRIA -- NOME PESSOAL | |
| Nome pessoal | Lima, Edilberto Carlos Pontes |
| Cód. do termo explicativo | coord. |
| 700 1# - ENTRADA SECUNDÁRIA -- NOME PESSOAL | |
| Nome pessoal | Ferreira Júnior, Adircélio de Moraes |
| Termo de relação | et al. |
| -- | autores |
| 830 #0 - ENTRADA SECUNDÁRIA DE SÉRIE -- TÍTULO UNIFORME | |
| Título uniforme | Fórum IRB ; |
| Nº do volume/designação sequencial da série | 4 |
| 856 4# - LOCALIZAÇÃO E ACESSO ELETRÔNICO | |
| Endereço eletrônico (URI) | <a href="https://irbcontas.org.br/wp-content/uploads/2021/11/os-tribunais-de-contas_a-pandemia-e-o-futuro-do-controle-final.pdf">https://irbcontas.org.br/wp-content/uploads/2021/11/os-tribunais-de-contas_a-pandemia-e-o-futuro-do-controle-final.pdf</a> |
| Texto do link | Disponível também online. |
| Localização e acesso eletrônico | 02/12/2023 |
| 942 ## - ELEMENTOS DE ENTRADA ADICIONAIS (KOHA) | |
| Fonte de classificação ou esquema de arquivamento | Classificação Decimal Universal |
| Tipo de item do Koha | Livros |
| Estado: removido | Estado: perdido | Fonte de classificação ou esquema de arquivamento | Estado: danificado | Indisponível para empréstimo | Localização permanente | Localização atual | Data de aquisição | Total Checkouts | Número de Chamada completo | Código de barras | Date last seen | Número do exemplar | Preço efetivo a partir de | Tipo de item (Koha) |
|---|---|---|---|---|---|---|---|---|---|---|---|---|---|---|
| Classificação Decimal Universal | Biblioteca da Escola Superior de Contas do TCE/MT | Biblioteca da Escola Superior de Contas do TCE/MT | 28/07/2023 | 35:616-036.21 T822 | BIBTCEMT23080152 | 24/08/2023 | Ex. 1 | 24/08/2023 | Livros |